00764nam a22002177a 4500003000500000005001700005008004100022010001000063011001000073035001000083040000900093100004100102245013900143260004200282300001000324502008900334650004800423650002100471650003500492650001900527CHAP20220329141754.0971013s1982 r 00010 d a73581 a74553 a84112 cCHAP00aAlcaraz Rodríguez, Rafael Eduardo. aEfecto del bicarbonato de sodio (NaHCO3) sobre el porcentaje de grasa en la leche al adicionarlo a la alimentación de vacas Holstein a(Monterrey, N. L.) :bEl autor,c1982 a85 h. aTesis (Ing. Agr. Zootecnista) -- ITESM. Div. de Ciencias Agropecuarias y Marítimas14aBicarbonato de sodio en nutrición animal.14aGanado Holstein.14aGanado vacunoxAlimentación.14aLechexGrasas.